000 00365nam a2200133Ia 4500
008 240624s9999 xx 000 0 und d
041 _aeng
082 _a338.9492 JON
100 _aJONES ERIK
245 _aECONOMIC ADJUSTMENT AND POLITICAL TRANSF
260 _c2008
_aNew York
_bOxford University Press
300 _axvii, : 277 : p. : cm. ; 24
365 _cGBP
_b27
999 _c20626
_d20626